Religión y laicismo hoy en torno a Teresa de Avila
Saved in:
| Main Authors: | , , |
|---|---|
| Andre forfattere: | , |
| Format: | Bog |
| Sprog: | spansk esperanto |
| Udgivet: |
Barcelona
Anthropos
2010
|
| Udgivelse: | 1a. ed |
| Serier: | Pensamiento Crítico - Pensamiento Utópico, 192
|
| Fag: | |
| Tags: |
Tilføj Tag
Ingen Tags, Vær først til at tagge denne postø!
|
MARC
| LEADER | 00000cam a2200000 a 4500 | ||
|---|---|---|---|
| 001 | UCD1131 | ||
| 003 | CL-VaPUC | ||
| 005 | 20221024162458.0 | ||
| 008 | 160107e20100000sp |||||||||||||||||spa|d | ||
| 999 | |c 362545 |d 362543 | ||
| 020 | |a 9788476589687 | ||
| 040 | |c Pontificia Universidad Católica de Valparaíso | ||
| 041 | 0 | 7 | |a spa |2 CL-VaPUC |
| 041 | 0 | 7 | |a epo |2 CL-VaPUC |
| 082 | 0 | 4 | |a 262.5 |b DIA |2 21 |
| 100 | 0 | |a Díaz-Salazar, Rafael |e author |9 584221 | |
| 245 | 1 | 0 | |a Religión y laicismo hoy en torno a Teresa de Avila |
| 250 | |a 1a. ed | ||
| 260 | |a Barcelona |b Anthropos |c 2010 | ||
| 300 | |a 143 p | ||
| 490 | 0 | |a Pensamiento Crítico - Pensamiento Utópico, 192 | |
| 583 | |a last modification |c 20160107 17:53:00 |k Rodrigo Vera | ||
| 600 | 0 | 7 | |a TERESA DE AVILA |2 CL-VaPUC |9 526073 |
| 650 | 0 | |a Laicismo |9 313856 | |
| 650 | 0 | |a Laicos |9 255625 | |
| 650 | 0 | |a Educación religiosa |9 308312 | |
| 700 | 0 | |a González, Teodoro |e author |9 584222 | |
| 700 | |a Reyes-Mate Rupérez, Manuel |e autor |9 591283 | ||
| 700 | 0 | |a Mayorga, Juan |e author |9 584224 | |
| 700 | |a Ollero Tassara, Andrés |e autor |9 295400 | ||
| 942 | |c BK |2 ddc | ||
| 945 | |d 20160107 17:53:00 |a arojas | ||
| 952 | |0 0 |1 0 |3 erb |4 0 |6 262_500000000000000_DIA_2010 |7 0 |8 A |9 473847 |a BIBTEO |b BIBTEO |i 5260434 |l 3 |m 2 |o 262.5 DIA 2010 |p 5260434 |r 2025-01-17 |s 2024-06-12 |w 2019-11-24 |y BK |z Catalogado en:20160107 |k ICR | ||